Vytváranie a fungovanie bezpečnostných systémov v súčasných medzinárodných vzťahoch

Vzťah Slovenska k NATO. Problematika bezpečnostných systémov v súčasných medzinárodných vzťahoch. Nové chápanie bezpečnosti. Ontologický a metodologický pohľad na systémovosť v medzinárodných vzťahoch. Problematika bezpečnostných hrozieb (ohrození a rizík). Bezpečnostné záruky. Bezpečnostné výzvy.

Uložené v:
Podrobná bibliografia
Hlavný autor: Škvrnda, František
Médium: Kapitola
Jazyk:Slovak
Predmet:
Tagy: Pridať tag
Žiadne tagy, Buďte prvý, kto otaguje tento záznam!

MARC

LEADER 00000naa$a2200000$$$4500
001 0034605
005 20240502071444.9
041 0 |a slo 
044 |a SK 
245 1 0 |a Vytváranie a fungovanie bezpečnostných systémov v súčasných medzinárodných vzťahoch  |c František Škvrnda 
520 |a Vzťah Slovenska k NATO. Problematika bezpečnostných systémov v súčasných medzinárodných vzťahoch. Nové chápanie bezpečnosti. Ontologický a metodologický pohľad na systémovosť v medzinárodných vzťahoch. Problematika bezpečnostných hrozieb (ohrození a rizík). Bezpečnostné záruky. Bezpečnostné výzvy. 
610 2 0 |a bezpečnosť 
610 2 0 |a vzťahy medzinárodné 
610 2 0 |a systémy bezpečnostné 
610 2 0 |a riziko 
610 2 0 |a záruka 
610 2 0 |a Európska únia 
610 2 0 |a NATO 
100 1 |a Škvrnda, František